000 00760nam a2200205Ia 4500
003 Ost
005 20260507075117.0
008 260507s9999||||xx |||||||||||||| ||und||
040 _cfsecg
041 _aara
082 _a658.15
100 _aحنفي، عبد الغفار
_eمؤلف
245 0 _aأساسيات التحليل المالي ودراسات الجدوى /
_c عبد الغفار حنفي
260 _aالإسكندرية:
_bالدار الجامعية,
_c2004
300 _a437 صفحة؛
_bإيضاحات ؛
_c24 سم
520 _aالتحليا المالي واتخاذ القرارات- الإستثمارات الرأسمالية
653 _aالتحليل المالي
653 _aدراسة الجدوى
942 _cكتاب
999 _c43033
_d43033